00685nam a2200217Ia 4500003000900000008004100009040001300050040001300063041000800076100001300084245004200097250001200139260001200151260000900163300001200172490000600184600007700190942000700267999001300274952018000287IT-RoPAU120407s9999 xx 000 0 und d aIT-RoPAU cIT-RoPAU aita aStendhal aLuciano Leuwen. Una posizione sociale aFirenze aSansoni c1966 c18,5 cm v1 a"1° vol. Una posizione sociale. 407 p. 2° vol. Pagine da 411 a 784." cBK c400d400 00102ddc406840_40000000000000071aPAULUSbPAULUSd2012-04-11l0o840.4r2012-04-11 00:00:00w2012-04-11yBKzInserito da: In data: n.d. fondo: Via A.Severo 56 Progr:25117